| 000 | 01074nam0a22002891 4500 | ||
|---|---|---|---|
| 001 | v19\rc\1853478 | ||
| 005 | 20250619152942.0 | ||
| 035 | _a(NLR Aleph) 004948286 | ||
| 090 |
_a5854977 _c5854977 |
||
| 100 | _a20080221e19091909|||y0rusy50 ca | ||
| 101 | 0 | _arus | |
| 102 | _aRU | ||
| 105 | _ay z ||||| | ||
| 200 | 1 | _aКраткий обзор истории и современного состояния вопроса о церковном наблюдении за произведениями литературы | |
| 210 |
_aСанкт-Петербург _cСинод. тип. _d[1909] |
||
| 215 |
_a23 с. _d25 |
||
| 300 | _aВ конце текста: П.И. | ||
| 309 | _aБез тит. л. и обл. | ||
| 311 | _aОтт. из журн. "Церк. вед." за 1909 г. | ||
| 488 | 0 |
_12001#$aЦерковные ведомости$v1909 _tЦерковные ведомости |
|
| 702 | 0 |
_aП.И. _4220 |
|
| 801 | 0 |
_aRU _bNLR _gpsbo |
|
| 801 | 0 |
_aRU _bRuMoRGB _2psbo |
|
| 801 | 1 |
_aRU _bProSoft-M _2rusmarc |
|
| 852 |
_aNLR _j72-7/790 |
||
| 942 | _cBOOK | ||
| 980 | _aNB | ||